00306cam a2200109 450008200120000010000170001224500550002926000280008430000220011250500380013465000240017200a547 FIN1 aFinar, I. L.00aOrganic chemistry .Vol1:The fundemental Principles aLondon,bLongman,c1962 av. 822pbillus.1 av. 1. The fundamental principles. 0aChemistry, Organic.